Ekonomik sistemler// (Record no. 14554)

MARC details
000 -BAŞLIK
Sabit Uzunlukta Kontrol Alanı 00624nam a22002177a 4500
999 ## - SİSTEM KONTROL NUMARALARI (KOHA)
Koha Biblionumber 14554
Koha Biblioitemnumber 14554
003 - KONTROL NUMARASI IDENTIFIER
Denetim Alanı MIRAKIL
005 - SON İŞLEM TARİHİ VE ZAMANI
Denetim Alanı 20211019115104.0
008 - SABİT-BOY VERİ ELEMANLARI - GENEL BİLGİLER
Sabit Uzunlukta Kontrol Alanı 211019b tu ||||| |||| 00| 0 tur d
040 ## - KATALOGLAMA KAYNAK
Orijinal Kataloglama Ajansı TR-AnCHP
Kataloglama Dili tur
Metne Dönüştürmek Ajansı TR-AnCHP
041 ## - DİL KODU
Metin / Ses Parça Veya Ayrı Başlığın Dil Kodu tur
082 ## - DEWEY ONLU SINIFLANDIRMA NUMARASI
Sınıflandırma Numarası 330.1
Ürün Numarası T24e 1974
100 ## - ANA GİRİŞ - KİŞİSEL İSİM
Kişisel Ad Talas, Cahit
245 ## - BAŞLIK TABLOSU
Başlık Ekonomik sistemler//
Sorumluluk Tablosu, Vb Cahit Talas.
250 ## - EDITION TABLOSU
Baskı Beyanı Gnşl. ve Gözd. gçrl. 2.bs
260 ## - YAYIN, DAĞITIM, VB
Yayın, Dağıtım, Vb Yeri Ankara:
Yayıncı, Dağıtıcı, Vs Adı Doğan Yayınevi,
Yayın, Dağıtım, Vb Tarihi 1974.
300 ## - FİZİKSEL TANIM
Kapsam 438 s.
Boyutlar 24 sm.
490 0# - SERİSİ TABLOSU
Seri Beyanı Doğan Yayınları;
-- Özel Dizi;
Hacim / Ardışık Tanımı 28.
-- 3.
504 ## - KAYNAKÇA VB NOT
Kaynakça Vb Notu Kaynakça ve dizin vardır.
650 #0 - KONU KATMA GİRİŞ - TOPİKAL DÖNEM
Topikal Süreli Veya Coğrafi Ad Giriş Elemanı Ekonomik sistemler
9 (RLIN) 6771
942 ## - EKLENDİ GİRİŞ ELEMANLARI (KOHA)
Sınıflandırma Veya Raf Düzeni Kaynak Dewey Decimal Classification
Koha Öğesi Türü Books
Holdings
Kalıcı Konum Mevcut Konum Edinme Tarihi Toplam Check-Out'Lar Tam Çağrı Numarası Barkod Tarih Son Görülme İtibaren Geçerli Fiyatlar Sigara Kamu Notu Koha Öğesi Türü
CHP Kütüphanesi CHP Kütüphanesi 10/19/2021   330.1 T24e 1974 020051 10/19/2021 10/19/2021 Emin Değer Bağışıdır. Books